| 000 | 00930nam a2200265Ia 4500 | ||
|---|---|---|---|
| 003 | OSt | ||
| 005 | 20221005103851.0 | ||
| 006 | a|||||r|||| 00| 0 | ||
| 007 | ta | ||
| 008 | 221004b |||||||| |||| 00| 0 hin d | ||
| 024 | _a113716 | ||
| 037 | _cTextual | ||
| 040 |
_aCRL _cCRL _bhin |
||
| 041 |
_2hin _ahin |
||
| 082 | _aX:8F, 152L3 | ||
| 100 | _aशुक्ल, मेहरचन्द्र | ||
| 245 | 0 | _aएडवान्सड एकाउन्टस | |
| 246 | _aEḍavānsaḍ ekāunṭasa | ||
| 260 |
_aदिल्ली _bएस0 चन्द एण्ड कम्पनी भारत _c1973 |
||
| 300 |
_a907पृ0 _ccm. |
||
| 650 | _aअर्थशास्त्र | ||
| 700 | _a ग्रेवाल, टी0 एस0 | ||
| 942 |
_hX:8F, 152L3 _cTEXL _2cc |
||
| 999 |
_c1011126 _d1011126 |
||